Study know more (Record no. 178)

MARC details
000 -LEADER
fixed length control field 00840 a2200217 4500
005 - DATE AND TIME OF LATEST TRANSACTION
control field 20080819140719.0
008 - FIXED-LENGTH DATA ELEMENTS--GENERAL INFORMATION
fixed length control field 080819t xxu||||| |||| 00| 0 eng d
010 ## - LIBRARY OF CONGRESS CONTROL NUMBER
LC control number ENG-84729
020 ## - INTERNATIONAL STANDARD BOOK NUMBER
International Standard Book Number 8189107062
Terms of availability 125.00
035 ## - SYSTEM CONTROL NUMBER
System control number EN-68262
037 ## - SOURCE OF ACQUISITION
Source of stock number/acquisition DBAD / PUB
040 ## - CATALOGING SOURCE
Original cataloging agency dpl
Language of cataloging English
082 ## - DEWEY DECIMAL CLASSIFICATION NUMBER
Classification number 153.15
100 ## - MAIN ENTRY--PERSONAL NAME
Personal name Agrawal, Vijay
245 ## - TITLE STATEMENT
Title Study know more
Statement of responsibility, etc by Vijay Agrawal
260 ## - PUBLICATION, DISTRIBUTION, ETC. (IMPRINT)
Place of publication, distribution, etc Bhopal
Name of publisher, distributor, etc Indra Publishing House
Date of publication, distribution, etc 2006
270 ## - ADDRESS
Address E-5/21, Arera Colony, Habibganj, Thana Road
City Bhopal
State or province M.P.
Postal code 462016
Telephone number 0755-2465238, 4277445
Electronic mail address landmark_no1@satyam.net.in
300 ## - PHYSICAL DESCRIPTION
Extent 199 p.
Dimensions 22 cm. (Pbk)
942 ## - ADDED ENTRY ELEMENTS (KOHA)
Institution code [OBSOLETE] dpl
Koha item type English Books
Call number prefix 153.15 / AGR
Source of classification or shelving scheme Dewey Decimal Classification
Classification part 153.15
Call number suffix AGR
Holdings
Withdrawn status Lost status Damaged status Not for loan Collection code Home library Current library Date acquired Cost, normal purchase price Total Checkouts Full call number Barcode Date last seen Copy number Uniform Resource Identifier Cost, replacement price Price effective from Koha item type
      Not For Loan Non-fiction D.B.Act.Division D.B.Act.Division 19/08/2008 125.00   153.15 AGR EN-68262 15/09/2008 1 187 125.00 15/09/2008 English Books

© Delhi Public Library
Hit Counter
free hit counter